=LDR 00000nam 2200000 4500 =001 INLIS000000000047803 =005 20160217101250.0 =006 =007 =008 =035 ##$$0010-021600000000191 =040 ##$$a NPBDMAT =082 ##$$a 352.028 =090 ##$$a 352.028 $b Ira t =100 ##$$a Irawan Soejito =245 ##$$a Teknik Membuat Peraturan Daerah/ Irawan Soejito =260 ##$$a Jakarta : $b Bhina Aksara, $c 1983 =300 ##$$a x, 230 hlm $c 21 cm =500 ##$$a Bibliografi : hlm. 229-230 =650 ##$$a Peraturan Daerah - Teknik Membuat Peraturan Daerah